Chemical principles of environmental pollution : (Record no. 3186)

MARC details
000 -LEADER
fixed length control field 00684nam a2200217 4500
003 - CONTROL NUMBER IDENTIFIER
control field OSt
005 - DATE AND TIME OF LATEST TRANSACTION
control field 20160307150626.0
008 - FIXED-LENGTH DATA ELEMENTS--GENERAL INFORMATION
fixed length control field 160307b xxu||||| |||| 00| 0 eng d
020 ## - INTERNATIONAL STANDARD BOOK NUMBER
International Standard Book Number 9780757403800
040 ## - CATALOGING SOURCE
Transcribing agency 040a
082 ## - DEWEY DECIMAL CLASSIFICATION NUMBER
Classification number 363.73
Item number ALL 2011
100 ## - MAIN ENTRY--PERSONAL NAME
Personal name Alloway, B.J
9 (RLIN) 7129
245 ## - TITLE STATEMENT
Title Chemical principles of environmental pollution :
Remainder of title international series of aquatic environmental chemistry /
Statement of responsibility, etc. B. J Alloway, A. G Howard, D. C Ayres
260 ## - PUBLICATION, DISTRIBUTION, ETC. (IMPRINT)
Place of publication, distribution, etc. Oxford
Name of publisher, distributor, etc. Oxford University press
Date of publication, distribution, etc. 2011
300 ## - PHYSICAL DESCRIPTION
Extent vi, 90p;
Other physical details ill :
Dimensions 14 cm
504 ## - BIBLIOGRAPHY, ETC. NOTE
Bibliography, etc Includes index
650 ## - SUBJECT ADDED ENTRY--TOPICAL TERM
Topical term or geographic name as entry element Pollution
9 (RLIN) 7130
700 ## - ADDED ENTRY--PERSONAL NAME
Personal name Howard, A.G
9 (RLIN) 7131
700 ## - ADDED ENTRY--PERSONAL NAME
Personal name Ayres, D. C
9 (RLIN) 7132
942 ## - ADDED ENTRY ELEMENTS (KOHA)
Source of classification or shelving scheme Dewey Decimal Classification
Koha item type Short Loan
Holdings
Withdrawn status Lost status Source of classification or shelving scheme Damaged status Not for loan Home library Current library Date acquired Inventory number Total Checkouts Full call number Barcode Date last seen Price effective from Koha item type
    Dewey Decimal Classification     MUST Main Library MUST Main Library 07/03/2016 2012/36500   363.73 ALL 2011 2016-0359 07/03/2016 07/03/2016 Short Loan
    Dewey Decimal Classification     MUST Main Library MUST Main Library 07/03/2016 2012/36502   363.73 ALL 2011 2016-0360 07/03/2016 07/03/2016 Short Loan
    Dewey Decimal Classification     MUST Main Library MUST Main Library 07/03/2016 2012/36503   363.73 ALL 2011 2016-0361 07/03/2016 07/03/2016 Short Loan
    Dewey Decimal Classification     MUST Main Library MUST Main Library 07/03/2016 2012/36501   363.73 ALL 2011 2016-0363 07/03/2016 07/03/2016 Short Loan